000 00498nam a2200181Ia 4500
008 090123s9999 xx 000 0 und d
082 _b19865
100 _aचिटणीस माया
245 _aआगगाडी
250 _a3
260 _bनॅशनल प्रकाशन
_c1990
300 _a103
600 _aचिटणीस माया
630 _aआगगाडी
700 _aचिटणीस माया
730 _aआगगाडी
942 _cBOOK
999 _c57936
_d57936